Food dehydration
Guardat en:
| Autors principals: | , |
|---|---|
| Altres autors: | |
| Format: | Llibre |
| Idioma: | anglès |
| Publicat: |
Westport
Avi
1973
|
| Edició: | 2a. ed |
| Matèries: | |
| Etiquetes: |
Afegir etiqueta
Sense etiquetes, Sigues el primer a etiquetar aquest registre!
|
MARC
| LEADER | 00000nam a2200000 a 4500 | ||
|---|---|---|---|
| 001 | UCU7291 | ||
| 003 | CL-VaPUC | ||
| 008 | 960628e19730000US |||||||||||||||||eng|d | ||
| 082 | 0 | 4 | |a 664.028 |b ARS |2 21 |
| 100 | 0 | |a Arsdel, Wallace van |e author |9 366041 | |
| 700 | 0 | |a Copley, Michael J |e author |9 366042 | |
| 700 | |a Morgan, Arthur I. |e autor |9 366043 | ||
| 245 | 1 | 0 | |a Food dehydration |
| 250 | |a 2a. ed | ||
| 300 | |a 2 v | ||
| 942 | |c BK | ||
| 945 | |d 19960628 00:00:00 |a paguirre | ||
| 260 | |a Westport |b Avi |c 1973 | ||
| 500 | |a v.2: Practices and applications | ||
| 650 | 7 | |a TECNOLOGIA DE ALIMENTOS |2 CL-VaPUC |9 366044 | |
| 650 | 0 | |a Plantas |9 264555 | |
| 650 | 7 | |a PATATAS |2 CL-VaPUC |9 366045 | |
| 650 | 0 | |a Frutas |9 259500 | |
| 650 | 0 | |a Carne |9 259507 | |
| 650 | 0 | |a Leche |9 259848 | |
| 650 | 7 | |a HUEVOS |2 CL-VaPUC |9 259518 | |
| 650 | 7 | |a CAFE |2 CL-VaPUC |9 359080 | |
| 650 | 7 | |a TE |2 CL-VaPUC |9 366046 | |
| 650 | 0 | |a Cereales |9 264300 | |
| 650 | 0 | |a Deshidratación |9 365480 | |
| 650 | 0 | |a Alimentos deshidratados |9 362668 | |
| 583 | |a last modification |c 19960628 00:00:00 |k Rodrigo Vera | ||
| 999 | |c 249963 |d 249961 | ||